Catálogo
 En Linea

El modelo económico dominicano / (Registro nro. 25195)

Detalles MARC
000 -CABECERA
campo de control de longitud fija 00597nam a2200169 a 4500
001 - NÚMERO DE CONTROL
campo de control 000025703
005 - FECHA Y HORA DE LA ÚLTIMA TRANSACCIÓN
campo de control 20260304085435.0
008 - DATOS DE LONGITUD FIJA--INFORMACIÓN GENERAL
campo de control de longitud fija 110221s19uu dr 000 0 spa d
040 ## - FUENTE DE LA CATALOGACIÓN
Centro catalogador/agencia de origen DO-SdBNP
Lengua de catalogación spa
Centro/agencia transcriptor BNPHU
100 1# - ENTRADA PRINCIPAL--NOMBRE DE PERSONA
Nombre de persona Livio Cedeño, Pedro
9 (RLIN) 52467
245 13 - MENCIÓN DE TÍTULO
Título El modelo económico dominicano /
Mención de responsabilidad, etc. Pedro Livio Cedeño ; prólogo José Francisco Peña Gómez.
260 ## - PUBLICACIÓN, DISTRIBUCIÓN, ETC.
Lugar de publicación, distribución, etc. [s.l.],
Fecha de publicación, distribución, etc. Fundación para la Cultura.
300 ## - DESCRIPCIÓN FÍSICA
Extensión 169 P. ;
Dimensiones 16 cm.
490 1# - MENCIÓN DE SERIE
Mención de serie Popular Isabel Jiménez
700 1# - PUNTO DE ACCESO ADICIONAL--NOMBRE DE PERSONA
Nombre de persona Peña Gomez, Jose Francisco ,
Fechas asociadas al nombre 1937-1998
Término indicativo de función/relación pról.
9 (RLIN) 2994
830 #0 - PUNTO DE ACCESO ADICIONAL DE SERIE-TÍTULO UNIFORME
Título uniforme Popular Isabel Jiménez
9 (RLIN) 52468
Existencias
Estado de retiro Estado de pérdida Restricciones de uso No para préstamo Código de colección Localización permanente Ubicación/localización actual Ubicación en estantería Fecha de adquisición Número de inventario Total de préstamos Signatura topográfica completa Código de barras Fecha visto por última vez Número de copia Precio válido a partir de Tipo de ítem Koha
        Dominicana de Servicio General General Depósito 04.07.2013 LF1   25703-30 25.06.2020 e. 3 25.06.2020 Libro y Folleto Colección Dominicana de Servicio
      Excluido de préstamo Patrimonio Dominicano Patrimonio Dominicano Patrimonio Dominicano Depósito 21.02.2011 LF1   25703-10 25.06.2020   25.06.2020 Libro y Folleto Colección Patrimonio Dominicano
      Excluido de préstamo Patrimonio Dominicano Patrimonio Dominicano Patrimonio Dominicano Depósito 13.05.2013 LF1   25703-20 25.06.2020 e. 2 25.06.2020 Libro y Folleto Colección Patrimonio Dominicano

Con tecnología Koha